000 00580cam a22002171 4500
005 20260322212018.0
008 data
010 _a 61017341
015 _aGB63-6175
040 _aDLC
_cOAU
_dDLC
_dUk
_dDLC
050 0 0 _aE842
_b.L65
082 0 0 _aB
_aB
100 1 _aLowe, Jacques.
245 1 0 _aPortrait:
_bthe emergence of John F. Kennedy.
_cJacques Lowe.
250 _a[1st ed.]
260 _aNew York,
_bMcGraw-Hill
_c[1961]
300 _a223 p.
_billus., ports.
_c29 cm.
600 1 0 _aKennedy, John F.
_q(John Fitzgerald),
_d1917-1963.
600 3 0 _aKennedy family.
001 data
999 _c395
_d395